LEADER 01056cam0 22002651 450 001 SOBE00048811 005 20150925153532.0 100 $a20150924d1964 |||||ita|0103 ba 101 $aita 102 $aIT 200 1 $a<>epistole letterarie di Orazio$ecorso di Lingua e letteratura latina tenuto nella Facoltā di Magistero dell'Universitā di Bologna nell'anno accademico 1963-64$fElio Pasoli 210 $aBologna$cPātron$d1964 215 $a234 p.$d25 cm 700 1$aPasoli$b, Elio$3SOBA00011579$4070$0186259 801 0$aIT$bUNISOB$c20150925$gRICA 850 $aUNISOB 852 $aUNISOB$j870$m12209 852 $aUNISOB$j870$m18270 912 $aSOBE00048811 940 $aM 102 Monografia moderna SBN 941 $aM 957 $a870$b000243$gSI$d12209$rAcquisto$tN$1petrellap$2UNISOB$3UNISOB$420150924145933.0$520150924150021.0$6petrellap 957 $a870$b000243$i-b$gSI$d18270$rAcquisto$tN$1petrellap$2UNISOB$3UNISOB$420150924150053.0$520150924150212.0$6petrellap 996 $aEpistole letterarie di Orazio$9860085 997 $aUNISOB